Ideological Quest Within Christian Commitment 1939-1954. (Record no. 6778)

MARC details
000 -LEADER
fixed length control field 00672nam a2200241 a 4500
020 ## - INTERNATIONAL STANDARD BOOK NUMBER
ISBN
082 00 - DEWEY DECIMAL CLASSIFICATION NUMBER
Classification number 230.0954
Author Cutter THO
100 ## - MAIN ENTRY--AUTHOR NAME
Author name Thomas, M M
245 ## - TITLE STATEMENT
Title Ideological Quest Within Christian Commitment 1939-1954.
260 ## - PUBLICATION, DISTRIBUTION, ETC. (IMPRINT)
Place of publication Madras
Name of publisher Christian Literature Society
Year of publication 1983
300 ## - PHYSICAL DESCRIPTION
Number of Pages 268p
500 ## - GENERAL NOTE
General note includes index and biblioraphy
505 2# - FORMATTED CONTENTS NOTE
Formatted contents note As Amended By Amendment Act, 1985 With Explanatory Notes, Rules & Forms.
650 ## - SUBJECT ADDED ENTRY--TOPICAL TERM
Topical Term Theology-India
942 ## - ADDED ENTRY ELEMENTS (KOHA)
Koha item type Books
700 1# -
-- Thomas, M M
Holdings
Home library Current library Date acquired Cost, normal purchase price Full call number Accession Number Koha item type
Henry Martyn Institute Library Henry Martyn Institute Library 03/02/2012 30.00 230.0954 THO 012210 E-Books
                   Copyright © 2026 | Henry Martyn Institute | Hyderabad | TS-500052 | INDIA | Implemented by hmi.edu.in
Hit-Count:

Powered by Koha